| 000 | 00781na a2200217 4500 | ||
|---|---|---|---|
| 001 | 16918 | ||
| 003 | MIRAKIL | ||
| 005 | 20181213154858.0 | ||
| 008 | 161017b tu 000 0 | ||
| 020 | _a9756245018 | ||
| 040 |
_aMilas _btur _cTR-AnCHP |
||
| 041 | _atur | ||
| 082 |
_a305.230 _bT96g 2005 |
||
| 090 | _a305.230 T96g 2005 | ||
| 110 | _aTürk Sosyal Bilimler Derneği | ||
| 245 |
_aGençlik, AB ve zıt hisler: bedenini isterim ama ruhunu asla _bTürk geçliği konuşuyor, gençlerin Türkiye'nin Avrupa Birliği'ne katılım süreci ve üyeliği üzerine düşünceleri projesi _cTürk Sosyal Bilimler Derneği |
||
| 260 |
_a[y. y.] _bTürk Sosyal Bilimler Derneği _c2005 |
||
| 300 |
_a298 s. _btbl. _c25 sm. |
||
| 650 |
_aGençlik _xTürkiye _yAB |
||
| 942 |
_2dcc _cBKS |
||
| 999 |
_c2474 _d2474 |
||